000 00943nam0a22002291i 4500
001 rc\3821228
005 20240726043834.0
021 _aRU
_b[76-1918а]
035 _a(NLR Aleph) 007270522
090 _a5404437
_c5404437
100 _a20120410d1975 |||y0rusy50 ca
101 0 _arus
102 _aRU
_aRU
105 _ay d |||||
200 1 _aРоль и место сферы услуг в социально-экономическом развитии социалистического общества
_e(На примере Пол. Нар. Республики)
_eАвтореф. дис. на соиск. учен. степени канд. экон. наук
_e(08.00.01)
_fЛенингр. гос. ун-т им. А.А. Жданова
210 _aЛенинград
_d1975
215 _a20 с.
700 1 _aНога
_bМ.
_gМариан
801 0 _aRU
_bNLR
_gpsbo
801 1 _aRU
_bELAR
_2rusmarc
852 _aNLR
_j76-4/15391
942 _cBOOK